Normal view
MARC view
- Diabetes
Entry Uniform Title
001 - CONTROL NUMBER
- control field: 3253
003 - CONTROL NUMBER IDENTIFIER
- control field: NUST
005 - DATE AND TIME OF LATEST TRANSACTION
- control field: 20170712152328.0
008 - FIXED-LENGTH DATA ELEMENTS
- fixed length control field: 170712|| aca||aabn | a|a d
040 ## - CATALOGING SOURCE
- Original cataloging agency: NUST
- Transcribing agency: NUST
130 ## - HEADING--UNIFORM TITLE
- Uniform title: Diabetes
670 ## - SOURCE DATA FOUND
- Source citation: Work cat.: (NUST): Asima Zia 3252, TH-PhD-screening of candidate type 2 diabetes genes in pakistani population, 2015
